[Event "It (open)"]
[Site "masterchessopen.com North Bay (Canada)"]
[Round "1"]
[White "Ivanov Alexander (USA)"]
[Black "Shapiro Daniel E (USA)"]
[Result "1-0"]
[WhiteElo "2523"]
[BlackElo "2305"]

1.e4 c5 2.Nf3 Nc6 3.d4 cxd4 4.Nxd4 Nf6 5.Nc3 d6 6.Bg5 e6 7.Qd2 Be7 8.O-O-O
Nxd4 9.Qxd4 O-O 10.f4 Qa5 11.Bc4 Bd7 12.Rhe1 Rfd8 13.Bb3 b5 14.e5 dxe5 15.fxe5
b4 16.Qh4 h6 17.Bxf6 Bxf6 18.exf6 bxc3 19.fxg7 cxb2+ 20.Kxb2 Qg5 21.Qxg5 hxg5
22.Re5 Kxg7 23.Rxg5+ Kf6 24.h4 Ke7 25.g4 Rh8 26.h5 Rhg8 27.Rc5 Rac8 28.Ra5 Rc7
29.g5 Bc6 30.Rc5 Rgc8 31.Rd4 Bf3 32.Rxc7+ Rxc7 33.h6 e5 34.Rh4 Rc8 35.Ra4 Ra8
36.h7 Bh5 37.Rxa7+ {#r} 1-0

[Event "Ch Nordnorsk"]
[Site "masterchessopen.com Norway"]
[Round "6"]
[White "Jaeger Frode Bull (NOR)"]
[Black "Vik-Hansen Rune (NOR)"]
[Result "1-0"]
[WhiteElo "2135"]
[BlackElo "1958"]

1.e4 c5 2.Nc3 Nc6 3.Nf3 d6 4.d4 cxd4 5.Nxd4 Nf6 6.Bg5 e6 7.Qd2 Be7 8.O-O-O
Nxd4 9.Qxd4 O-O 10.f4 Qa5 11.Bc4 a6 12.Bb3 h6 13.Bh4 e5 14.Qf2 Rd8 15.Bxf6
Bxf6 16.f5 Be7 17.Nd5 Bf8 18.g4 Bd7 19.g5 Ba4 20.gxh6 Bxb3 21.axb3 Qa1+ 22.Kd2
Qxb2 23.hxg7 Bxg7 24.Rhg1 Rac8 25.Qg3 Qxc2+ 26.Ke3 {#r} 1-0

[Event "Ch Hungary (juniors) (under 18)"]
[Site "masterchessopen.com Paks (Hungary)"]
[Round "7"]
[White "Hajnal Zoltan (HUN)"]
[Black "Olle Peter (HUN)"]
[Result "1-0"]
[WhiteElo "2225"]
[BlackElo "2216"]

1.e4 c5 2.Nf3 d6 3.d4 cxd4 4.Nxd4 Nf6 5.Nc3 Nc6 6.Bg5 e6 7.Qd2 Be7 8.O-O-O
Nxd4 9.Qxd4 O-O 10.f4 Qa5 11.Bc4 Bd7 12.e5 dxe5 13.fxe5 Bc6 14.Bd2 Nd7 15.Nd5
Qd8 16.Nxe7+ Qxe7 17.Rhe1 Rfd8 18.Qg4 Nf8 19.Bd3 Rd5 20.Bb4 Qc7 21.Re3 Ng6
22.Bc3 Qd8 23.Rh3 b5 24.Rf1 b4 25.Qh5 h6 26.Rxf7 Qg5+ 27.Qxg5 hxg5 28.Bxg6
Rad8 29.Bd4 Rxd4 30.b3 Be4 31.Rh7 Bxg6 32.Rhxg7+ Kh8 33.Rxg6 Rd1+ 34.Kb2 Rh1
35.Rxe6 Rxh2 36.Rxa7 Rxg2 37.Rc7 g4 38.Rh6+ Kg8 39.Rg6+ Kh8 40.e6 g3 41.Rc4
Kh7 42.e7 Re8 43.Re6 Rh2 44.Re3 g2 45.Rg4 Rc8 46.e8=Q Rxc2+ 47.Kb1 Rb2+ 48.Kc1
Rc2+ 49.Kd1 Rd2+ 50.Ke1 {#r} 1-0

[Event "It (open)"]
[Site "masterchessopen.com Passau (Germany)"]
[Round "4"]
[White "Brustman Agnieszka (POL)"]
[Black "Enders Peter (GER)"]
[Result "0-1"]
[WhiteElo "2380"]
[BlackElo "2485"]

1.e4 c5 2.Nf3 Nc6 3.d4 cxd4 4.Nxd4 Nf6 5.Nc3 d6 6.Bg5 e6 7.Qd2 Be7 8.O-O-O
Nxd4 9.Qxd4 O-O 10.f4 Qa5 11.Kb1 a6 12.Qd2 Qc7 13.Bd3 b5 14.Qe1 Bb7 15.e5 dxe5
16.fxe5 Nh5 17.Qh4 Bxg5 18.Qxg5 g6 19.g4 Bxh1 20.gxh5 b4 21.Be4 bxc3 22.Bxa8
Bxa8 23.b3 Qc5 24.Qg3 Rc8 25.Rd3 Be4 26.Re3 Qd4 27.Qe1 Bf5 {#R} 0-1

[Event "It (open)"]
[Site "masterchessopen.com Pouso Alegre (Brazil)"]
[Round "0"]
[White "Campelo Leandro (BRA)"]
[Black "Limp Eduardo (BRA)"]
[Result "0-1"]
[WhiteElo "2230"]
[BlackElo "2410"]

1.e4 c5 2.Nf3 d6 3.d4 cxd4 4.Nxd4 Nf6 5.Nc3 Nc6 6.Bg5 e6 7.Qd2 Be7 8.O-O-O
Nxd4 9.Qxd4 O-O 10.f4 Qa5 11.Kb1 Rd8 12.h4 Bd7 13.Bd3 e5 14.Qe3 exf4 15.Bxf4
Re8 16.Nd5 Nxd5 17.exd5 Bf6 18.Qd2 Qb6 19.c4 a5 20.Qc2 h5 21.Bd2 Re2 22.Rdf1
Rxg2 23.Bh7+ Kh8 24.Be4 Rf2 25.Rxf2 Qxf2 26.Bg5 Qxc2+ 27.Kxc2 Be5 28.Rf1 Kg8
29.b3 g6 30.Bf6 Re8 31.Kd3 Bg3 32.a3 Bg4 33.Kd4 Be2 {#R} 0-1

[Event "Ch Rheinhausen"]
[Site "masterchessopen.com Rheinhausen (Germany)"]
[Round "0"]
[White "Kaufeld Juergen (GER)"]
[Black "Ruetten Ingmar (GER)"]
[Result "1-0"]
[WhiteElo "2261"]
[BlackElo "1974"]

1.e4 c5 2.Nf3 Nc6 3.d4 cxd4 4.Nxd4 Nf6 5.Nc3 d6 6.Bg5 e6 7.Qd2 Be7 8.O-O-O
Nxd4 9.Qxd4 O-O 10.f4 Qa5 11.Kb1 h6 12.Bxf6 Bxf6 13.Qd2 Rd8 14.Nd5 Qxd2
15.Nxf6+ gxf6 16.Rxd2 b6 17.Be2 Bb7 18.Bf3 f5 19.exf5 Bxf3 20.gxf3 e5 21.Rg1+
Kh8 22.fxe5 dxe5 23.Kc1 Rg8 24.Rdg2 Rxg2 25.Rxg2 Rd8 26.Re2 Rd5 27.Rd2 Ra5
28.f6 Kh7 29.Rg2 Rxa2 30.Rg7+ Kh8 31.Rxf7 Ra1+ 32.Kd2 Rh1 33.Rxa7 Rxh2+ 34.Kd3
Rf2 35.Ke3 Rxc2 36.Ra8+ {#r} 1-0

[Event "Memorial M.Chigorin (open)"]
[Site "masterchessopen.com St. Petersburg (Russia)"]
[Round "9"]
[White "Goloshchapov Alexander (UKR)"]
[Black "Ionov Sergey (RUS)"]
[Result "1-0"]
[WhiteElo "2445"]
[BlackElo "2545"]

1.e4 c5 2.Nf3 d6 3.d4 cxd4 4.Nxd4 Nf6 5.Nc3 Nc6 6.Bg5 e6 7.Qd2 Be7 8.O-O-O O-O
9.f4 Nxd4 10.Qxd4 Qa5 11.Kb1 Rd8 12.Qd2 Bd7 13.Bd3 b6 14.Qe2 h6 15.h4 Kf8
16.e5 dxe5 17.fxe5 hxg5 18.hxg5 Ng8 19.Rdf1 Bxg5 20.Rh5 Be7 21.Bg6 Be8 22.Rh8
f6 23.exf6 Bxg6 24.Qxe6 {#r} 1-0

[Event "It (cat.17)"]
[Site "masterchessopen.com Wijk aan Zee (Netherlands)"]
[Round "10"]
[White "Nijboer Friso (NED)"]
[Black "Anand Viswanathan (IND)"]
[Result "0-1"]
[WhiteElo "2525"]
[BlackElo "2795"]

1.e4 c5 2.Nf3 d6 3.d4 cxd4 4.Nxd4 Nf6 5.Nc3 Nc6 6.Bg5 e6 7.Qd2 Be7 8.O-O-O O-O
9.f4 Nxd4 10.Qxd4 Qa5 11.Kb1 h6 12.h4 Rd8 { 12... hg? - Beliavsky -
Tseshkovsky, Frunze 1981 12... e5 - Shirov - Kamsky, Buenos Aires 1994 } (
12...hxg5 { ? } 13.hxg5 Ng4 14.Be2 e5 15.Nd5 Qd8 16.Qg1 exf4 17.Bxg4 Bxg5
18.Bxc8 Rxc8 19.g3 { +?? } ) ( 12...e5 13.Qd3 exf4 14.Bxf4 Be6 15.Nd5 Nxd5
16.exd5 Bg4 17.Be2 Bxe2 18.Qxe2 Rfe8 { ? } ) 13.Be2 Bd7 { ! N } ( 13...e5
14.Qd3 exf4 15.Bxf4 Be6 16.Nd5 Nxd5 17.exd5 Bd7 18.g4 { ± Rogers - Pelletier,
Biel 1994 } ) 14.Qe3 Rac8 15.e5 { ? } 15...dxe5 16.fxe5 hxg5 17.hxg5 ( 17.exf6
Bxf6 18.Ne4 Bxb2 { !? } 19.Kxb2 Qb4+ 20.Ka1 ( 20.Kc1 Rxc2+ { ! } 21.Kxc2 Ba4+
{ ??+ } ) 20...Rxc2 21.Rb1 Qa5 22.Rb2 Rxb2 23.Kxb2 Qe5+ { ??+ } ) 17...Rxc3 {
! } 18.Bd3 ( 18.bxc3 Nd5 { ??+ } ) 18...Rxd3 19.cxd3 ( 19.Rxd3 Nh5 { ! }
20.Rxh5 Bc6 { ??+ } ) 19...Ng4 20.Qh3 Nh6 21.gxh6 Qxe5 22.Rde1 Qg5 23.hxg7
Qxg7 24.Re3 Bg5 25.Rg3 f6 { ??+ } 26.Qg4 Kf7 27.Qd4 Qg8 28.Qe4 Bc6 29.Rh7+ Ke8
30.Qh4 Qg6 31.Qh3 Rd6 32.a3 Kd8 33.Ka1 Qf5 { ! } 34.Qh1 Bd7 35.d4 Rc6 36.Qh2
e5 { } ( 36...Rc1+ { ! } 37.Ka2 Qb1+ 38.Kb3 Ba4+ { ! } 39.Kxa4 Qc2+ 40.Rb3 (
40.Ka5 Bd2+ 41.b4 Bxb4+ { ! } 42.axb4 Ra1+ 43.Kb5 Qc6# ) 40...Qc6+ 41.Rb5 Qa6+
42.Kb4 Bd2+ 43.Kb3 Qxb5+ 44.Ka2 Qc4+ 45.b3 Qc2# { Hiarcs 6.0 } ) 0-1

[Event "It (open)"]
[Site "masterchessopen.com Bastia (France)"]
[Round "0"]
[White "Sveshnikov Evgeny (LAT)"]
[Black "Marino Olivier (FRA)"]
[Result "1-0"]
[WhiteElo "2541"]
[BlackElo "2090"]

1.e4 c5 2.Nf3 d6 3.d4 cxd4 4.Nxd4 Nf6 5.Nc3 Nc6 6.Bg5 e6 7.Qd2 Be7 8.O-O-O
Nxd4 9.Qxd4 O-O 10.f4 Qa5 11.Be2 Bd7 12.e5 dxe5 13.Qxe5 Qb6 14.Ne4 Rfd8 15.Bf3
Nd5 16.Bxe7 Nxe7 17.Rd6 Bc6 18.Rhd1 Ng6 19.Qd4 Qxd4 20.R1xd4 Rxd6 21.Nxd6 Bxf3
22.gxf3 Rd8 23.f5 exf5 24.Nxf5 Rxd4 25.Nxd4 Ne5 26.b3 g5 27.Kd2 Kg7 28.Ke3 Kf6
29.c4 a6 30.Ke4 h5 31.a3 g4 32.fxg4 Nxg4 33.h4 Nf2+ 34.Kd5 Nd3 35.c5 Ne1
36.Kd6 Ng2 37.Kc7 Ke5 38.Nf3+ Kf4 39.Ng1 Nxh4 40.Kxb7 Ng6 41.b4 h4 42.Kxa6 Kg3
43.b5 Kg2 44.b6 Ne5 45.b7 Nc6 46.Kb6 Nb8 47.c6 Kxg1 48.c7 Nd7+ 49.Kc6 {#r} 1-0

[Event "It (cat.10)"]
[Site "masterchessopen.com Budapest (Hungary)"]
[Round "2"]
[White "Acs Peter (HUN)"]
[Black "Wittmann Walter (AUT)"]
[Result "1-0"]
[WhiteElo "2525"]
[BlackElo "2364"]

1.e4 c5 2.Nf3 d6 3.d4 cxd4 4.Nxd4 Nf6 5.Nc3 Nc6 6.Bg5 e6 7.Qd2 Be7 8.O-O-O O-O
9.f4 Nxd4 10.Qxd4 h6 11.h4 hxg5 12.hxg5 Ng4 13.Be2 e5 14.Qg1 exf4 15.Bxg4 Bxg5
16.Bf3 Re8 17.Nb5 Re6 18.Qd4 Bd7 19.Nxd6 Bc6 20.Rh8+ Kxh8 21.Nxf7+ Kh7 22.Qc5
Rg6 23.Nxd8 Rxd8 24.Rxd8 Bxd8 25.Qf5 {#r} 1-0

[Event "Zt"]
[Site "masterchessopen.com Gold Coast (Australia)"]
[Round "5"]
[White "Allen Andrew (AUS)"]
[Black "Dwyer Daniel (AUS)"]
[Result "0-1"]
[WhiteElo "2261"]
[BlackElo "2144"]

1.e4 c5 2.Nf3 Nc6 3.d4 cxd4 4.Nxd4 Nf6 5.Nc3 d6 6.Bg5 e6 7.Qd2 Be7 8.O-O-O
Nxd4 9.Qxd4 O-O 10.f4 Qa5 11.Bc4 Bd7 12.e5 dxe5 13.fxe5 Bc6 14.Bd2 Nd7 15.Nd5
Qd8 16.Nxe7+ Qxe7 17.Rhe1 Qc5 18.Qf4 a5 19.Re3 Rfc8 20.Rf1 Qe7 21.Rg3 g6 22.h4
Nc5 23.h5 Ne4 24.Rg4 Bd5 25.Bd3 Nc5 26.Qg3 Rc7 27.hxg6 Nxd3+ 28.Qxd3 fxg6
29.Bh6 Rac8 30.Rxg6+ hxg6 31.Qxg6+ Kh8 32.Rh1 Qh7 33.Bg7+ Rxg7 34.Rxh7+ Rxh7
35.b3 Rg7 36.Qf6 Kg8 37.c4 b5 38.Kd2 bxc4 39.bxc4 Bxc4 40.Qf3 Bd5 41.Qf6 Rxg2+
{#R} 0-1

[Event "It (open)"]
[Site "masterchessopen.com Groningen (Netherlands)"]
[Round "6"]
[White "Medvegy Nora (HUN)"]
[Black "Van Der Weide Karel (BEL)"]
[Result "0-1"]
[WhiteElo "2296"]
[BlackElo "2434"]

1.e4 c5 2.Nf3 Nc6 3.d4 cxd4 4.Nxd4 Nf6 5.Nc3 d6 6.Bg5 e6 7.Qd2 Be7 8.O-O-O O-O
9.f4 Nxd4 10.Qxd4 Qa5 11.Bc4 Bd7 12.e5 dxe5 13.fxe5 Bc6 14.Bd2 Nd7 15.Nd5 Qd8
16.Nxe7+ Qxe7 17.Rhe1 Rfd8 18.Qg4 Nf8 19.Bf1 Ng6 20.Bb4 Rxd1+ 21.Rxd1 Qc7
22.Qd4 Bd5 23.Bd6 Qc6 24.Rd2 Bxa2 25.h4 h5 26.Be2 Bd5 27.Bxh5 Bxg2 28.Bxg6
fxg6 29.Qg4 Be4 30.Qxe6+ Kh7 31.Qf7 Rc8 32.Qf2 Bf5 33.Qg2 Qa4 34.Kb1 Rc4 35.h5
gxh5 36.Bf8 Bg6 37.e6 Re4 38.Re2 Rg4 39.Qh2 Rf4 40.Qg2 Rxf8 {#R} 0-1

[Event "It (open)"]
[Site "masterchessopen.com Ikaria (Greece)"]
[Round "7"]
[White "Aleksieva Silvia (FRA)"]
[Black "Masouros Panagiotis (GRE)"]
[Result "1-0"]
[WhiteElo "2317"]
[BlackElo "1966"]

1.e4 c5 2.Nf3 d6 3.d4 cxd4 4.Nxd4 Nf6 5.Nc3 Nc6 6.Bg5 e6 7.Qd2 Be7 8.O-O-O O-O
9.f4 Nxd4 10.Qxd4 Qa5 11.Kb1 Rd8 12.Qd2 Qb4 13.e5 {#r} 1-0

[Event "Ch Peru"]
[Site "masterchessopen.com Lima (Peru)"]
[Round "3"]
[White "Celis Sanchez Carlos (PER)"]
[Black "Ascoy Adolfo (PER)"]
[Result "0-1"]
[WhiteElo "2370"]
[BlackElo "2195"]

1.e4 c5 2.Nf3 d6 3.d4 cxd4 4.Nxd4 Nf6 5.Nc3 Nc6 6.Bg5 e6 7.Qd2 Be7 8.O-O-O O-O
9.f4 Nxd4 10.Qxd4 Qa5 11.Be2 Bd7 12.e5 dxe5 13.Qxe5 Qb6 14.Rd3 Bc6 15.Rhd1
Rad8 16.Rg3 Rxd1+ 17.Nxd1 Nd7 18.Qc3 Bb4 19.Qd3 Nc5 20.Qc4 Ne4 21.Rg4 Bd2+
22.Kb1 Bd5 23.Qd3 f5 24.Rh4 Be1 25.Rh3 Qa5 26.a3 Rc8 27.Be7 Re8 28.b4 Qb6
29.Bh4 Bxh4 30.Rxh4 Bc4 31.Qd7 Rd8 {#R} 0-1

[Event "It (open)"]
[Site "masterchessopen.com Malaga (Spain)"]
[Round "7"]
[White "Ridameya Tatche Jose (ESP)"]
[Black "Alonso Salvador (ARG)"]
[Result "1-0"]
[WhiteElo "2147"]
[BlackElo "2355"]

1.e4 c5 2.Nf3 Nc6 3.d4 cxd4 4.Nxd4 Nf6 5.Nc3 d6 6.Bg5 e6 7.Qd2 Be7 8.O-O-O O-O
9.f4 Nxd4 10.Qxd4 Qa5 11.e5 dxe5 12.Qxe5 Qb6 13.Na4 Qc6 14.Bb5 Ng4 15.Qe2 Qc7
16.Qxg4 f6 17.Bh6 Rf7 18.Be8 Bf8 19.Bxf7+ Kxf7 20.Qh5+ Kg8 21.Qe8 Qe7 22.Qxe7
Bxe7 23.Bxg7 Kxg7 24.Rhe1 Kf7 25.Re3 b5 26.Nc3 Rb8 27.Rh3 Kg7 28.Rhd3 a6
29.Ne4 Bb7 30.Nd6 Ba8 31.Re3 Kf8 32.Rxe6 Rb6 33.Rxe7 {#r} 1-0

[Event "It (open)"]
[Site "masterchessopen.com Manchester (England)"]
[Round "3"]
[White "Sharp Dale Eugene (USA)"]
[Black "Friedel Joshua E (USA)"]
[Result "0-1"]
[WhiteElo "2134"]
[BlackElo "2518"]

1.e4 c5 2.Nf3 d6 3.d4 cxd4 4.Nxd4 Nf6 5.Nc3 Nc6 6.Bg5 e6 7.Qd2 Be7 8.O-O-O O-O
9.f4 Nxd4 10.Qxd4 Qa5 11.Bc4 Bd7 12.Rhe1 e5 13.fxe5 dxe5 14.Qf2 Bg4 15.Rd3
Rac8 16.Bb3 Be6 17.Rg3 Kh8 18.Bxf6 Bxf6 19.Rf3 Bxb3 20.Rxf6 Rxc3 21.bxc3 Qa3+
22.Kd2 Rd8+ 23.Ke3 Bc4 24.Qh4 Qxc3+ 25.Kf2 Qd2+ 26.Kf3 Qxc2 27.Kg3 Qc3+ 28.Kg4
Rd2 29.Rf2 Be6+ 30.Kh5 Rd6 31.Qe7 h6 32.Rfe2 Rd3 33.g3 Rxg3 34.hxg3 Qf3+ {#R}
0-1

[Event "It (open)"]
[Site "masterchessopen.com Mar del Plata (Argentina)"]
[Round "7"]
[White "Hobaica Juan Pablo (ARG)"]
[Black "Fiorito Fabian (ARG)"]
[Result "0-1"]
[WhiteElo "2270"]
[BlackElo "2440"]

1.e4 c5 2.Nf3 d6 3.d4 cxd4 4.Nxd4 Nf6 5.Nc3 Nc6 6.Bg5 e6 7.Qd2 Be7 8.O-O-O O-O
9.f4 Nxd4 10.Qxd4 Qa5 11.Bc4 Bd7 12.e5 dxe5 13.fxe5 Bc6 14.Bd2 Nd7 15.Nd5 Qd8
16.Nxe7+ Qxe7 17.Rhe1 Rfd8 18.Qg4 Nf8 19.Kb1 Ng6 20.g3 Qc5 21.Bc3 Bb5 22.Bb3
Qf2 23.Rxd8+ Rxd8 24.a4 Bc6 25.Rd1 Rxd1+ 26.Qxd1 h6 27.Qd8+ Kh7 28.Qc7 h5
29.h4 Be4 30.a5 a6 31.Qd7 Qf3 32.Ka2 Bc6 33.Qc7 Nh8 34.Bc4 Be4 35.Bd3 Bxd3
36.cxd3 Qxg3 37.Qxb7 Qxd3 38.Qc6 g5 39.hxg5 Ng6 40.b4 Qc2+ 41.Ka3 Nf4 42.b5
axb5 43.Kb4 Nd5+ 44.Kxb5 Qd3+ 45.Ka4 Nxc3+ 46.Kb3 {#R} 0-1

[Event "Cup Russia (open)"]
[Site "masterchessopen.com Moscow (Russia)"]
[Round "9"]
[White "Saulin Dmitri (RUS)"]
[Black "Kiselev Sergey (RUS)"]
[Result "1-0"]
[WhiteElo "2443"]
[BlackElo "2488"]

1.e4 c5 2.Nf3 Nc6 3.d4 cxd4 4.Nxd4 Nf6 5.Nc3 d6 6.Bg5 e6 7.Qd2 Be7 8.O-O-O O-O
9.f4 Nxd4 10.Qxd4 Qa5 11.Bc4 Bd7 12.e5 dxe5 13.fxe5 Bc6 14.Bd2 Nd7 15.Nd5 Qd8
16.Nxe7+ Qxe7 17.Rhe1 Rfd8 18.Qg4 Nf8 19.Bd3 Rxd3 20.cxd3 Qc5+ 21.Kb1 Qd5
22.Bb4 Ng6 23.Qe4 Qd8 24.Qe2 Qh4 25.g4 Nf4 26.Qd2 Qxg4 27.Rg1 Ng2 28.Rdf1 Qd4
29.Bc3 Qd5 30.Qf2 Rf8 31.Qg3 Rd8 32.Rf2 {#r} 1-0

[Event "Memorial F.Pripis (cat.8)"]
[Site "masterchessopen.com Moscow (Russia)"]
[Round "9"]
[White "Bakre Tejas (IND)"]
[Black "Grigoriants Sergey (RUS)"]
[Result "1-0"]
[WhiteElo "2361"]
[BlackElo "2413"]

1.e4 c5 2.Nf3 Nc6 3.d4 cxd4 4.Nxd4 Nf6 5.Nc3 d6 6.Bg5 e6 7.Qd2 Be7 8.O-O-O
Nxd4 9.Qxd4 O-O 10.f4 Qa5 11.Bc4 Rd8 12.e5 dxe5 13.Qxe5 Qb4 14.Bb5 h6 15.Rxd8+
Bxd8 16.Rd1 Be7 17.Bh4 a6 18.a3 Qa5 19.Be2 Qb6 20.Bf3 Bd7 21.Ne4 Nxe4 22.Bxe7
Qe3+ 23.Kb1 Bc6 24.Bb4 Rc8 25.Ka1 Bd5 26.Re1 Rxc2 27.Bxe4 Qxe4 28.Qxe4 Bxe4
29.Rxe4 Rxg2 30.h4 Rh2 31.Be1 Kf8 32.Ka2 Ke7 33.f5 Kd6 34.Bg3+ {#r} 1-0

[Event "Memorial V.Toth (cat.7)"]
[Site "masterchessopen.com Rio de Janeiro (Brazil)"]
[Round "2"]
[White "Fernandes Jose Costa Jr (BRA)"]
[Black "Limp Eduardo (BRA)"]
[Result "0-1"]
[WhiteElo "2278"]
[BlackElo "2434"]

1.e4 c5 2.Nf3 Nc6 3.d4 cxd4 4.Nxd4 Nf6 5.Nc3 d6 6.Bg5 e6 7.Qd2 Be7 8.O-O-O
Nxd4 9.Qxd4 O-O 10.f4 Qa5 11.Kb1 Rd8 12.Be2 Bd7 13.e5 dxe5 14.fxe5 Bc6 15.Qf4
Nd5 16.Nxd5 Bxg5 17.Qxg5 Bxd5 18.a3 Be4 19.Qf4 Bxg2 20.Rhg1 Rxd1+ 21.Bxd1 Bc6
22.Be2 g6 23.h4 Qc5 24.Rg3 Rd8 25.h5 Rd4 26.Qf6 Rd2 27.Bd3 Bd5 28.Kc1 Rf2
29.Qh4 Bb3 30.hxg6 Rxc2+ {#R} 0-1

[Event "Match (team)"]
[Site "masterchessopen.com San Francisco (USA)"]
[Round "2"]
[White "Shahade Gregory (USA)"]
[Black "Lobo Richard (ENG)"]
[Result "1-0"]
[WhiteElo "2420"]
[BlackElo "2310"]

1.e4 c5 2.Nf3 Nc6 3.d4 cxd4 4.Nxd4 Nf6 5.Nc3 d6 6.Bg5 e6 7.Qd2 Be7 8.O-O-O O-O
9.f4 Nxd4 10.Qxd4 Qa5 11.Kb1 Rd8 12.h4 Bd7 13.Bd3 Bc6 14.Qe3 e5 15.f5 b5
16.Bxf6 Bxf6 17.Be2 Rd7 18.Nd5 Bd8 19.f6 Bxf6 20.Nxf6+ gxf6 21.Bg4 Rc7 22.Bf5
Bd7 23.Bxd7 Rxd7 24.Qh6 Qb6 25.Rd3 Qf2 26.Rf3 Qxg2 27.Rff1 {#r} 1-0

[Event "It (open)"]
[Site "masterchessopen.com Sao Paulo (Brazil)"]
[Round "8"]
[White "Coelho Luis (BRA)"]
[Black "Limp Eduardo (BRA)"]
[Result "0-1"]
[WhiteElo "2041"]
[BlackElo "2434"]

1.e4 c5 2.Nf3 d6 3.d4 cxd4 4.Nxd4 Nf6 5.Nc3 Nc6 6.Bg5 e6 7.Qd2 Be7 8.O-O-O
Nxd4 9.Qxd4 O-O 10.f4 Qa5 11.Kb1 Rd8 12.h4 Bd7 13.Bd3 Bc6 14.Qe3 Rd7 15.Qe2 e5
16.f5 d5 17.exd5 Nxd5 18.Nxd5 Bxd5 19.c4 Bc6 20.Bxe7 Rxe7 21.f6 Re6 22.Qh5 g6
23.Qg5 Rd8 24.Bf5 Red6 25.Bc2 Rxd1+ 26.Rxd1 Rxd1+ 27.Bxd1 Be4+ 28.Kc1 Qc5
29.Be2 Qb4 30.Qd2 Qxd2+ 31.Kxd2 Bxg2 32.Ke3 h6 33.Bf3 Bxf3 34.Kxf3 g5 35.hxg5
hxg5 36.c5 Kf8 {#R} 0-1

[Event "Ch Great Britain"]
[Site "masterchessopen.com Scarborough (England)"]
[Round "6"]
[White "Jackson Adrian (ENG)"]
[Black "McDonnell James J (IRL)"]
[Result "1-0"]
[WhiteElo "2223"]
[BlackElo "2051"]

1.e4 c5 2.Nf3 Nc6 3.d4 cxd4 4.Nxd4 Nf6 5.Nc3 d6 6.Bg5 e6 7.Qd2 Be7 8.O-O-O O-O
9.f4 Nxd4 10.Qxd4 Qa5 11.Bc4 Bd7 12.Rd3 Rad8 13.Rg3 Kh8 14.Rf1 h6 15.e5 dxe5
16.fxe5 Ng8 17.Bd2 Qc5 18.Qe4 Bc6 19.Qe2 Rd4 20.Bd3 Rh4 21.h3 a6 22.Kb1 Bd8
23.Rg4 Be7 24.Ne4 Qb6 25.Rxh4 Bxh4 26.Nd6 Qc7 27.Qh5 Bf6 28.exf6 g6 29.Qe5
{#r} 1-0

[Event "Ch Great Britain"]
[Site "masterchessopen.com Scarborough (England)"]
[Round "8"]
[White "Rudd Jack (ENG)"]
[Black "McDonnell James J (IRL)"]
[Result "1-0"]
[WhiteElo "2185"]
[BlackElo "2051"]

1.e4 c5 2.Nf3 Nc6 3.d4 cxd4 4.Nxd4 Nf6 5.Nc3 d6 6.Bg5 e6 7.Qd2 Be7 8.O-O-O O-O
9.f4 Nxd4 10.Qxd4 Qa5 11.Bc4 Bd7 12.Kb1 Bc6 13.e5 dxe5 14.fxe5 Rad8 15.Qh4
Qxe5 16.Bd3 h6 17.Bf4 Qh5 18.Qg3 Qg4 19.Qf2 Kh8 20.h3 Qxg2 21.Qe3 Qf3 22.Qc1
Rxd3 23.cxd3 Qh5 24.Rhg1 Nd5 25.Nxd5 Bxd5 26.Qe3 Bf6 27.Rdf1 a6 28.Bxh6 Bxb2
29.Bg5 Bc3 30.Rc1 Bf6 31.Bxf6 gxf6 32.Qf4 f5 33.Rc8 {#r} 1-0

[Event "Ch Russia (juniors) (under 16)"]
[Site "masterchessopen.com Serpukhov (Russia)"]
[Round "3"]
[White "Tarakanov Mikhail (RUS)"]
[Black "Moskalenko Alexander (RUS)"]
[Result "1-0"]
[WhiteElo "2166"]
[BlackElo "2427"]

1.e4 c5 2.Nf3 d6 3.d4 cxd4 4.Nxd4 Nf6 5.Nc3 Nc6 6.Bg5 e6 7.Qd2 Be7 8.O-O-O
Nxd4 9.Qxd4 O-O 10.f4 Qa5 11.Bc4 Bd7 12.Rd3 d5 13.Rg3 dxc4 14.Bxf6 Bxf6
15.Qxf6 g6 16.Rd1 Rfd8 17.Rh3 Bc6 18.Rf1 Qc7 19.Rxh7 Kxh7 20.Rf3 Rd1+ 21.Nxd1
Kg8 22.Rh3 {#r} 1-0

[Event "It (open)"]
[Site "masterchessopen.com Stratton Mountain (USA)"]
[Round "6"]
[White "Ehlvest Jaan (USA)"]
[Black "Fedorowicz John P (USA)"]
[Result "1-0"]
[WhiteElo "2592"]
[BlackElo "2565"]

1.e4 c5 2.Nf3 d6 3.d4 cxd4 4.Nxd4 Nf6 5.Nc3 Nc6 6.Bg5 e6 7.Qd2 Be7 8.O-O-O O-O
9.f4 Nxd4 10.Qxd4 Qa5 11.Kb1 h6 12.h4 e5 13.Qd3 exf4 14.Bxf4 Be6 15.Be2 Rfe8
16.Nd5 Bxd5 17.exd5 {#r} 1-0

[Event "It (open)"]
[Site "masterchessopen.com Vantaa (Finland)"]
[Round "1"]
[White "Pulkkinen Kari (FIN)"]
[Black "Turunen Markus (FIN)"]
[Result "1-0"]
[WhiteElo "2302"]
[BlackElo "2068"]

1.e4 c5 2.Nf3 d6 3.d4 cxd4 4.Nxd4 Nf6 5.Nc3 Nc6 6.Bg5 e6 7.Qd2 Be7 8.O-O-O
Nxd4 9.Qxd4 O-O 10.f4 Qa5 11.Bc4 Bd7 12.e5 dxe5 13.fxe5 Bc6 14.Bd2 Nd7 15.Nd5
Qd8 16.Nxe7+ Qxe7 17.Rhe1 Rfd8 18.Qg4 Nf8 19.Bd3 Rxd3 20.cxd3 a5 21.Kb1 Qc5
22.h4 Rd8 23.Bh6 Ng6 24.d4 Qd5 25.Bg5 Re8 26.Rd2 Ne7 27.Bxe7 Rxe7 28.h5 Kf8
29.h6 gxh6 30.Qf4 Ke8 31.Qxh6 Qc4 32.Qxh7 Bd5 33.b3 Qc3 34.Qc2 Rc7 35.Qxc3
Rxc3 36.Rc1 Rg3 37.Kb2 Rxg2 38.Rxg2 Bxg2 39.Rc5 f5 40.exf6 Kf7 41.Rxa5 Kxf6
42.Kc3 Ke7 43.Re5 Kd6 44.b4 Bd5 45.a4 {#r} 1-0

[Event "It (cat.11)"]
[Site "masterchessopen.com Wijk aan Zee (Netherlands)"]
[Round "7"]
[White "Glek Igor V (GER)"]
[Black "Ionov Sergey (RUS)"]
[Result "0-1"]
[WhiteElo "2536"]
[BlackElo "2553"]

1.e4 c5 2.Nf3 d6 3.d4 cxd4 4.Nxd4 Nf6 5.Nc3 Nc6 6.Bg5 e6 7.Qd2 Be7 8.O-O-O O-O
9.f4 Nxd4 10.Qxd4 Qa5 11.Kb1 Rd8 12.Qd2 Bd7 13.Bd3 h6 14.h4 Kf8 15.e5 dxe5
16.fxe5 Qxe5 17.Rde1 Qa5 18.Bxh6 Bc6 19.Bg5 Bb4 20.Rhf1 Bxc3 21.Qxc3 Qxc3
22.bxc3 Bxg2 23.Rxf6 gxf6 24.Bxf6 Rd5 25.Rg1 Bf3 26.Rg3 Bh5 27.c4 Rd6 28.Rg7
e5 29.Rh7 Rxf6 30.Rh8+ Ke7 31.Rxa8 Bf3 32.c5 a6 33.Rb8 Rh6 34.Kc1 Rxh4 35.Kd2
Bd5 36.c4 Bc6 37.Ke3 Rh3+ 38.Kd2 Rh2+ 39.Ke3 Rh3+ 40.Kd2 e4 41.Bf1 Ra3 42.Rh8
f5 {#R} 0-1

[Event "It (sheveningen)"]
[Site "masterchessopen.com Yangon (Myanmar)"]
[Round "3"]
[White "Khin Than (MYA)"]
[Black "Zaw Win Lay (MYA)"]
[Result "0-1"]
[WhiteElo "2541"]
[BlackElo "2565"]

1.e4 c5 2.Nf3 Nc6 3.d4 cxd4 4.Nxd4 Nf6 5.Nc3 d6 6.Bg5 e6 7.Qd2 Be7 8.O-O-O O-O
9.f4 Nxd4 10.Qxd4 Qa5 11.Bc4 Bd7 12.e5 dxe5 13.fxe5 Bc6 14.Bd2 Nd7 15.Nd5 Qd8
16.Nxe7+ Qxe7 17.Rhe1 Rfc8 18.Qg4 b5 19.Re3 b4 20.Rde1 Qc5 21.Bd3 Ba4 22.c3
Qd5 23.Kb1 Nxe5 24.Qh5 Nxd3 25.Qxd5 Bc2+ {#R} 0-1

[Event "Memorial C.Torre"]
[Site "masterchessopen.com Yucatan (Mexico)"]
[Round "4"]
[White "Perez Rodney (CUB)"]
[Black "Fernandez Alejandro (ARG)"]
[Result "1-0"]
[WhiteElo "2478"]
[BlackElo "2065"]

1.e4 c5 2.Nf3 d6 3.d4 cxd4 4.Nxd4 Nf6 5.Nc3 Nc6 6.Bg5 e6 7.Qd2 Be7 8.O-O-O O-O
9.f4 Nxd4 10.Qxd4 Qa5 11.Bc4 Bd7 12.Rhe1 Bc6 13.f5 e5 14.Qd2 Rac8 15.Kb1 Rfd8
16.g4 b5 17.Bxf6 Bxf6 18.g5 Be7 19.Bb3 Rd7 20.g6 d5 21.Nxd5 Qxd2 22.Nxe7+ Rxe7
23.Bxf7+ Kh8 24.Rxd2 hxg6 25.fxg6 Be8 26.Bxe8 Rcxe8 27.h4 Re6 28.h5 Rf6 29.Rd7
a6 30.Red1 Kg8 31.a3 Kf8 32.Ra7 Rfe6 33.Rf7+ Kg8 34.Rdd7 {#r} 1-0